Landkreise von Sachsen-Anhalt - Statistiken

Allgemein
  • Dieses Quiz wurde 30 mal gespielt
  • Das Durchschnittsergebnis liegt bei 10 aus 14
Antwortstatistiken
Anfangsbuchstabe Antwort % Korrekt
H Halle
93%
M Magdeburg
93%
D Dessau-Roßlau
81%
B Börde
78%
H Harz
78%
J Jerichower Land
78%
B Burgenlandkreis
74%
S Stendal
74%
W Wittenberg
74%
A Anhalt-Bitterfeld
70%
M Mansfeld-südharz
70%
S Saalekreis
67%
S Salzlandkreis
56%
A Altmarkkreis Salzwedel
44%
Keine übereinstimmenden Quizze gefunden
Verteilung der Resultate
Anzahl Personen mit jedem Resultat
Perzentil nach korrekt beantworteten Fragen
Ihre Resultats-Entwicklung
Sie haben dieses Quiz noch nicht gespielt